10 Largest Cities in Each South America Country - Statistics

General Stats
  • This quiz has been taken 124 times
  • The average score is 56 of 120
Answers on the Map
Answers color-coded by a green-red scale on the quiz's map according to % correct below.
 
Answer Stats
Country Population Answer % Correct
Argentina 15,172,700 Buenos Aires
97%
Colombia 7,876,000 Bogotá
94%
Venezuela 2,087,700 Caracas
94%
Peru 11,166,200 Lima
94%
Brazil 6,729,830 Rio de Janeiro
94%
Chile 6,160,040 Santiago
94%
Bolivia 758,845 La Paz
93%
Brazil 11,877,700 São Paulo
93%
Brazil 2,877,690 Brasília
92%
Uruguay 1,287,452 Montevideo
92%
Ecuador 1,763,275 Quito
92%
Colombia 2,553,600 Medellín
91%
Paraguay 462,241 Asunción
90%
Colombia 2,234,400 Cali
88%
Brazil 2,257,580 Manaus
88%
Argentina 1,612,100 Córdoba
86%
Guyana 118,369 Georgetown
84%
Colombia 1,322,900 Barranquilla
83%
Brazil 2,574,412 Fortaleza
83%
Ecuador 2,650,288 Guayaquil
83%
Bolivia 238,798 Sucre
81%
Suriname 240,924 Paramaribo
80%
Colombia 931,500 Cartagena
79%
Brazil 1,587,707 Recife
79%
Brazil 2,568,928 Salvador
78%
Colombia 546,900 Bello
77%
Brazil 2,416,339 Belo Horizonte
77%
Venezuela 2,262,600 Maracaibo
77%
Argentina 1,339,500 Rosario
77%
Bolivia 1,442,396 Santa Cruz
77%
Peru 492,400 Cusco
75%
Argentina 1,053,500 Mendoza
75%
Peru 1,125,400 Arequipa
73%
Venezuela 1,585,500 Valencia
72%
Chile 901,468 Valparaíso
71%
Bolivia 632,013 Cochabamba
68%
Brazil 1,829,225 Curitiba
68%
Chile 352,638 Antofagasta
65%
Argentina 852,800 La Plata
61%
Argentina 644,400 Salta
61%
Colombia 605,000 Bucaramanga
59%
Peru 430,700 Iquitos
59%
Bolivia 846,880 El Alto
58%
Brazil 1,492,330 Goiânia
58%
Argentina 626,300 Mar del Plata
58%
Peru 1,025,100 Trujillo
58%
Chile 722,929 Concepción
57%
Argentina 902,200 San Miguel de Tucumán
57%
Argentina 540,200 Santa Fe
57%
Paraguay 325,819 Ciudad del Este
56%
Argentina 512,000 San Juan
56%
Colombia 777,400 Cúcuta
53%
Chile 294,949 Iquique
53%
Venezuela 454,200 Barcelona
52%
Chile 204,078 Arica
50%
Bolivia 264,943 Oruro
48%
Peru 547,100 Piura
47%
Bolivia 176,022 Potosí
47%
Venezuela 1,089,100 Barquisimeto
45%
Ecuador 361,524 Cuenca
45%
Peru 663,200 Chiclayo
42%
Venezuela 893,400 Ciudad Guayana
42%
Peru 450,900 Huancayo
42%
Chile 401,938 La Serena
42%
Venezuela 464,700 Maracay
42%
Uruguay 114,084 Salto
42%
Chile 278,513 Temuco
42%
Ecuador 258,697 Manta
41%
Venezuela 425,000 Ciudad Bolívar
38%
Peru 395,100 Chimbote
35%
Bolivia 179,561 Tarija
35%
Uruguay 102,000 Maldonado
33%
Uruguay 81,550 Paysandú
33%
Peru 396,400 Pucallpa
32%
Colombia 675,100 Soledad
32%
Chile 237,295 Talca
30%
Venezuela 508,200 Maturín
29%
Colombia 778,400 Soacha
29%
Ecuador 288,072 Machala
28%
Chile 290,864 Rancagua
28%
Uruguay 84,775 Rivera
26%
Paraguay 259,705 Luque
25%
Paraguay 225,395 San Lorenzo
25%
Uruguay 43,894 Artigas
23%
Ecuador 203,496 Loja
23%
Guyana 28,674 Linden
22%
Uruguay 56,013 Melo
22%
Guyana 15,373 New Amsterdam
22%
Uruguay 60,586 Tacuarembó
22%
Uruguay 113,252 Ciudad de la Costa
21%
Ecuador 295,211 Durán
19%
Ecuador 244,129 Portoviejo
18%
Paraguay 236,999 Capiatá
17%
Venezuela 441,700 Petare
17%
Uruguay 61,306 Las Piedras
16%
Paraguay 139,652 Limpio
15%
Paraguay 114,944 Pedro Juan Caballero
14%
Bolivia 150,110 Sacaba
14%
Suriname 18,663 Lelydorp
12%
Bolivia 117,859 Quillacollo
12%
Ecuador 334,826 Santo Domingo de los Colorados
12%
Paraguay 116,383 Ñemby
10%
Suriname 26,161 De Nieuwe Grond
9%
Guyana 16,332 Paradise
9%
Guyana 11,133 Anna Regina
8%
Paraguay 110,255 Fernando de la Mora
8%
Suriname 27,713 Koewarasan
8%
Paraguay 127,150 Lambaré
8%
Suriname 12,818 Nieuw Nickerie
8%
Guyana 23,129 Golden Grove
7%
Suriname 10,834 Moengo
7%
Suriname 10,217 Saramacca Polder
7%
Guyana 11,590 Vreed en Hoop
7%
Guyana 15,243 Better Hope
6%
Guyana 18,928 Lusignan
6%
Ecuador 249,941 Calderón
4%
Suriname 12,405 Meerzorg
4%
Suriname 14,151 Kwatta
3%
Guyana 12,219 Tuchen
3%
Suriname 15,656 Houttuin
2%
No matching quizzes found
Score Distribution
Percent of People with Each Score
Percentile by Number Answered
Your Score History
You have not taken this quiz